| 000 | 01252nam0a22002531 4500 | ||
|---|---|---|---|
| 001 | rc\621153 | ||
| 005 | 20260407112238.0 | ||
| 035 | _a(NLR Aleph) 005864081 | ||
| 090 |
_a5909420 _c5909420 |
||
| 100 | _a20031121d1986 |||y0rusy50 ca | ||
| 101 | 0 | _arus | |
| 102 | _aRU | ||
| 105 | _aa ||||||||| | ||
| 200 | 1 |
_aВзаимодействие видов транспорта при перевозке народнохозяйственных грузов в Ленинградском транспортном узле в свете решений XXVII съезда КПСС _eМатериалы науч.-техн. семинара, 11-12 сент. _fПод ред. М.Н. Тертерова |
|
| 210 |
_aЛ. _cЛДНТП _d1986 |
||
| 215 |
_a77 с. _cил. _d20 |
||
| 300 | _aВ надзаг.: О-во "Знание" РСФСР, Ленингр. орг., Ленингр. Дом науч.-техн. пропаганды | ||
| 702 | 1 |
_aТертеров _bМ.Н. _gМихаил Николаевич _4340 |
|
| 712 | 0 | 2 |
_aЛенинградский дом научно-технической пропаганды _3RU\NLR\AUTH\889940416 _9375657 |
| 801 | 0 |
_aRU _bNLR _gpsbo |
|
| 801 | 1 |
_aRU _bELAR _2rusmarc |
|
| 852 |
_aNLR _j86-4/18324 |
||
| 942 | _cBOOK | ||
| 980 | _aNB | ||